01004nam a2200241 a 450000100100000000500170001000800410002702000150006804000250008324501800010826000340028830000210032249000450034353400450038870000440043370000390047770000320051670000320054883000510058004900090063195201050064099900170074500003416420200930070829.0110926s2011 es 000 0 spa d a8449312663 aDO-SdBNPbspacBNPHU00a¿Por qué sucedió? :bel terrorismo y la nueva guerra /cJames F. Hoge, Jr. y Gideon Rose, compiladores ; traducción de Francisco Beltrán Adell y Yolanda Fontal Rueda. aBarcelona :bPaidós,c2011. a339 p. ;c24 cm.1 aPaidós.aHistoria contemporánea ;v2 aTítulo original.tHow did this happen?1 aBeltrán Adell, Francisco,etr.9595781 aFontal Rueda, Yolanda,etr.9595791 aBruno, Carlosecomp.9595801 aRose, Gideon,ecomp.959581 0aPaidóspHistoria contemporánea ;n2959582 aBNPD 001050718MOaGRbGRcCTd2011-09-26iLF1l0o p34164-10r2020-06-25w2020-06-25y1ZNo se presta c33655d33655